000 00506nam a22001457a 4500
020 _qHard Cover.
040 _cSINES.
082 _a570.2
_bHar
100 _aMah e Hareem.
_9104161
245 _aIntegrated Machine Learning and Pharmacoinformatics Modeling Protocol for the Prediction of Angiotensin II Inhibition in Pulmonary Arterial Hypertension /
_cMahe e Hareem
260 _aIslamabad:
_bSINES-NUST,
_c2022.
300 _a128 p. :
_bill. ;
_c35cm.
650 _xMS-Bioinformatics.
942 _2ddc
_cTHE
999 _c592600
_d592600